Lesz-e magyar miniszterhelyettes? Az FMK ezentúl tájékoztat. /MNI odteraz informuje./

Bibliographic Details
Main Authors: (Author), (gl-nő) (Author)
Format: Article
Language:Hungarian
Subjects:

MARC

LEADER 00000nab a2200000 a 4500
001 vtls000463584
003 SK-MaSNL
005 20260319073851.0
008 160401c1991 xo 0 hun
015 |a SNBRB19rr/mm-uuuuu 
035 |a CL0463717 
040 |a SNKBUCL  |b slo  |c SNKBUCL  |e AACR2 
041 0 |a hun 
044 |a xo  |c SK 
080 |a 329.7(437.6=945.11)MNI  |2 1981 
245 0 0 |a Lesz-e magyar miniszterhelyettes?  |b Az FMK ezentúl tájékoztat. /MNI odteraz informuje./  |c (gl,, nő) ; - nő) (gl, - nő) (gl 
650 0 7 |a Maďarská nezávislá iniciatíva  |2 snkbucl  |9 966857 
655 7 |a články z novín a časopisov  |2 snkbucl  |9 267496 
700 1 |a nő  |4 aut  |9 947151 
700 1 |a (gl-nő)  |4 aut  |9 975653 
773 0 |t Szabad földműves újság  |g Roč. 1, č. 74 (17. 5. 1991), s. 1 a 2 
850 |a Slovenská národná knižnica v Martine  |a MTA001 
852 |a SNK  |b KIS3GCP 
958 |a HU 
958 |a RK 
999 |c 1560752  |d 1562682